VÝSLEDKY ÚVODNÉHO ŠTÚDIA FAUNY MOTÝĽOV (Lepidoptera) V ÚZEMÍ HORNEJ TORYSY V LEVOČSKÝCH VRCHOCH

Bibliographic Details
Main Author: Panigaj, Ľubomír, 1953- (Author)
Format: Article
Language:Slovak

MARC

LEADER 00000nab a2200000 a 4500
001 vtls011129317
003 SK-MaSNL
005 20260303122242.0
008 230207|1998 xo |||||||||||||||||slo|
015 |a SNBRB 
035 |a (uuid)e20beafd-f35d-4a0f-90b7-acb89c331dce 
035 |a (urnnbn)urn:nbn:sk:snk:ar-a09iuy 
035 |a urn:nbn:sk:snk-aba70y 
040 |a SNKBUCL  |b slo  |c SNKBUCL  |e AACR2 
041 0 |a slo 
044 |a xo  |c SK 
100 1 |a Panigaj, Ľubomír,  |d 1953-  |4 aut  |9 15268 
245 1 0 |a VÝSLEDKY ÚVODNÉHO ŠTÚDIA FAUNY MOTÝĽOV (Lepidoptera) V ÚZEMÍ HORNEJ TORYSY V LEVOČSKÝCH VRCHOCH  |c Ľubomír Panigaj 
773 0 |t Natura Carpatica : zborník Východoslovenského múzea  |g Roč. 39, č. 1 (1998), s. 169-184 
954 |a odborná, vedecká literatúra pôvodná (slovenská)  |2 lita 
958 |a OND 
958 |a EUIPO 
958 |a article13 
999 |c 1920004  |d 1921934